"hardest"nba quiz of all time - Statistics

General Stats
  • This quiz has been taken 38 times
  • The average score is 8 of 15
Answer Stats
Hint Answer % Correct
most mvps of all time kareem abdul jabbar
77%
mvp in 1983 moses malone
77%
all time leader in steals john stockton
73%
all time leader in rebounds wilt chamberlain
73%
other all star teamate (all time great dunker) SF julius erving
70%
1967 nba champions (set the record for wins in a season at that time) 76ers
60%
most rings by a non celtic robert horry
60%
most missed shots in nba history kobe bryant
57%
all time leader in blocks hakeem
53%
russell westbrooks college ucla
50%
his all star teamate (pg whos top 10 in steals all time) maurice cheeks
43%
1969 mvp (averaged only 13ppg) wes unseld
37%
his 6man of the year teamate bobby jones
33%
"chocolate thunder" (first player to break backboard in a game) darryl dawkins
33%
other all star teamate (SG efficient) andrew toney
13%
No matching quizzes found
Score Distribution
Percent of People with Each Score
Percentile by Number Answered
Your Score History
You have not taken this quiz